000 00624nam a2200169Ia 4500
008 220216s9999 xx 000 0 und d
100 _aAbdul Rashid A M
245 0 _aPreliminary findings on the absorption coefficient of particleboards from rubber-wood and oil palm empty fruit bunches
260 _bIn: Forestry and Forest Products Research: Proceedings of the Third Conference, 3-4 October 1995, V.2. FRIM, Kepong, Malaysia, pp.255-260.
_c1995
500 _aCAB CD 1998
700 _aAbdul Rahim Nik
700 _aAminuddin Mohamad
700 _aKhoo K C
700 _aLee S S
700 _aWong H H
942 _cBO
999 _c47836
_d47836